000 00320nam a22001457a 4500
008 221102b ||||| |||| 00| 0 eng d
020 _a0394350766
041 _aeng
080 _a51
082 _a51 BOA
100 _a20.1
101 _aMATE
245 _aINVITATION TO COMPLEX ANALYSIS
_cR.P.BOAS
942 _2udc
_cBK
999 _c58720
_d58720